00349pab a2200133 454500008004000000100001900040245005700059260000900116300001300125362001000138650003000148650002200178773001500200180718b2007 xxu||||| |||| 00| 0 eng d aPaul, Joshy M. aChina's 17th communist party congress: an assessment c2007 ap.32-33. a3 Nov aPolitical parties - China aPolitical parties aMainstream